| LEADER |
01320nam0a2200217 450 |
| 001 |
16867320 |
| 010 |
|
|
|a 978-2-07-033393-6
|d 8,9
|
| 100 |
|
|
|a 20251230d2026 u u0frey01 ba
|
| 101 |
0 |
|
|a fre
|
| 102 |
|
|
|a FR
|
| 200 |
0 |
|
|a Moi, Boy
|e souvenirs d'enfance
|f Roald Dahl
|g trad. de l'anglais par Janine Hérisson
|
| 207 |
|
1 |
|a
|
| 210 |
|
|
|a [Paris]
|c Gallimard jeunesse
|d DL 2025
|
| 215 |
|
|
|a 1 vol. (217 p.)
|c Couv. ill. en coul.
|d 13x18 cm
|
| 225 |
1 |
|
|a Folio junior
|v 393
|x 0153-0593
|
| 330 |
|
|
|a Que se passe-t-il quand on attrape une ratite ? Et quand on simule une crise d'appendicite ? Avez-vous jamais fumé du tabac de chèvre ? Vous a-t-on déjà affublé d'un costume de pompes funèbres pour vous rendre à l'école ? Neuf, dix, onze ans... les années passent : voici venu le temps de se demander ce que l'on fera après le collège ! Lorsque Roald Dahl, l'un des plus grands auteurs contemporains se souvient de ses années d'enfance, on découvre avec bonheur un jeune garçon qui ressemble étonnamment aux héros de ses livres. Nouvelle édition en 2017
|
| 700 |
|
0 |
|a Dahl
|b Roald
|c écrivain et humoriste anglais
|f 1916-1990
|4 70
|
| 702 |
|
0 |
|a Hérisson
|b Janine
|4 730
|
| 900 |
|
|
|a Roman (enfants)
|
| 901 |
|
|
|a Jeunesse
|
| 995 |
|
|
|a Médiathèque
|c Médiathèque
|f 089021696
|h 089021696
|k E DAH
|o p
|q j
|r az
|e Médiathèque
|